000
00329nam a2200133Ia 4500
008
230516s1939 xx 000 0 und d
041
_a
eng
082
_a
574.1/JAK
100
_a
Jackson S,M
245
_a
Anatomy & Physiology
260
_b
BOOK SOCIETY LANDON
_c
1939
300
_a
321
650
_a
HUMAN ANATOMY AND PHYSIOLOGY
999
_c
384834
_d
384834